00623nam a2200169 a 450000100100000000500170001000800410002702000150006808200150008310000260009824500930012426000510021730000360026895201190030499900170042304000130044000003620020200930074941.0120111s1983 xxuad 000 0 eng d a025602829x axxxbH893a1 aHughes, Ann J.96225810aApplied mathematics :bfor business, economics and the social sciences /cAnn J. Hughes. aHomewood, Illinois :bRichard D. Irwin,c1983. a753 p. :bil., diagr. ;c24 cm. 001054708MOaGRbGRcCTd2012-01-11iLF1l0oxxx H893ap36200-10r2020-06-25w2020-06-25y4ZPréstamo en sala c35691d35691 aDO-SdBNP